Normal view
MARC view
Entry Topical Term
001 - CONTROL NUMBER
- control field: 869233
003 - CONTROL NUMBER IDENTIFIER
- control field: OSt
005 - DATE AND TIME OF LATEST TRANSACTION
- control field: 20260114154958.0
008 - FIXED-LENGTH DATA ELEMENTS
- fixed length control field: 260114|| aca||aabn | a|a d
040 ## - CATALOGING SOURCE
- Original cataloging agency: OSt
- Transcribing agency: OSt
150 ## - HEADING--TOPICAL TERM
- Topical term or geographic name entry element: Sports
670 ## - SOURCE DATA FOUND
- Source citation: Work cat.: (OSt)1469454: Abiyra Ahmed Jabbar Au. 869232, A Comparative Field Study on Selected Psychological Variables (Psychological Skills–Aggression–Emotionality Control) between Delhi and Baghdad University Sports Majors, 2024
